00445nam a2200145 a 450000100100000000500170001000800410002704000250006808200160009311000520010924500220016126000530018330000350023650400280027100002225120200930011642.0090921s1971 dr ac 001 0 spa d aDO-SdBNPbspacBNPHU axxxxbR426p1 aRepública Dominicana.bJunta Central Electora10aProyecciones 24/. aSanto Domingo :bJunta Central Electoral,c1971. a195 p. :bil., retrs ;c19 cm. abibliografía : p. 192